[Event "DEM U12 2023"]
[Site "Willingen GER"]
[Date "2023.05.28"]
[Round "1"]
[White "Derr, Oleg"]
[Black "Schröder, Hannes Artur"]
[Result "1-0"]
[Termination "normal"]
[Board "24"]
[WhiteElo "1579"]
[BlackElo "1343"]
[WhiteClock "01:06:55"]
[BlackClock "00:48:54"]
[PlyCount "75"]
[WhiteFideId "34611517"]
[BlackFideId "34608818"]
[EventCountry "GER"]
[EventRounds "9"]
[EventType "swiss"]
[EventDate "2023.05.27"]

1. e4 {[%clk 01:30:55]  [%emt 00:00:03]} 1... e5 {[%clk 01:30:50]  [%emt
00:00:11]} 2. Nf3 {[%clk 01:31:15]  [%emt 00:00:10]} 2... Nc6 {[%clk 01:31:11] 
[%emt 00:00:08]} 3. Bb5 {[%clk 01:31:34]  [%emt 00:00:12]} 3... a6 {[%clk
01:31:17]  [%emt 00:00:09]} 4. Ba4 {[%clk 01:31:55]  [%emt 00:00:24]} 4... Nf6
{[%clk 01:29:04]  [%emt 00:02:43]} 5. O-O {[%clk 01:31:12]  [%emt 00:01:13]}
5... b5 {[%clk 01:26:54]  [%emt 00:02:40]} 6. Bb3 {[%clk 01:31:33]  [%emt
00:00:09]} 6... Bc5 {[%clk 01:26:51]  [%emt 00:00:33]} 7. c3 {[%clk 01:30:59] 
[%emt 00:01:04]} 7... d6 {[%clk 01:26:18]  [%emt 00:01:04]} 8. d4 {[%clk
01:30:07]  [%emt 00:01:22]} 8... exd4 {[%clk 01:26:01]  [%emt 00:00:47]} 9.
cxd4 {[%clk 01:30:24]  [%emt 00:00:13]} 9... Bb6 {[%clk 01:25:53]  [%emt
00:00:38]} 10. h3 {[%clk 01:26:18]  [%emt 00:04:36]} 10... h6 {[%clk 01:25:39] 
[%emt 00:00:44]} 11. a4 {[%clk 01:18:14]  [%emt 00:08:35]} 11... Bd7 {[%clk
01:20:06]  [%emt 00:06:03]} 12. e5 {[%clk 01:14:14]  [%emt 00:04:29]} 12...
dxe5 {[%clk 01:19:33]  [%emt 00:01:03]} 13. dxe5 {[%clk 01:14:31]  [%emt
00:00:13]} 13... Nh7 {[%clk 01:18:08]  [%emt 00:01:56]} 14. axb5 {[%clk
01:13:24]  [%emt 00:01:38]} 14... axb5 {[%clk 01:16:19]  [%emt 00:02:18]} 15.
Qd5 {[%clk 01:13:25]  [%emt 00:00:29]} 15... Rf8 {[%clk 01:14:34]  [%emt
00:02:15]} 16. Rxa8 {[%clk 01:11:40]  [%emt 00:02:16]} 16... Qxa8 {[%clk
01:14:47]  [%emt 00:00:17]} 17. Rd1 {[%clk 01:10:02]  [%emt 00:02:08]} 17...
Be6 {[%clk 01:08:13]  [%emt 00:07:04]} 18. Qxb5 {[%clk 01:09:54]  [%emt
00:00:38]} 18... Qb7 {[%clk 01:08:19]  [%emt 00:00:22]} 19. Qd3 {[%clk
01:08:41]  [%emt 00:01:44]} 19... Ke7 {[%clk 01:05:51]  [%emt 00:02:59]} 20.
Bxe6 {[%clk 01:08:36]  [%emt 00:00:35]} 20... Rd8 {[%clk 01:03:47]  [%emt
00:02:34]} 21. Bd5 {[%clk 01:08:33]  [%emt 00:00:33]} 21... Nf8 {[%clk
00:57:49]  [%emt 00:06:27]} 22. Nc3 {[%clk 01:07:23]  [%emt 00:01:40]} 22...
Ne6 {[%clk 00:56:49]  [%emt 00:01:30]} 23. Qb5 {[%clk 01:04:38]  [%emt
00:03:15]} 23... Kf8 {[%clk 00:51:10]  [%emt 00:06:09]} 24. Qxc6 {[%clk
01:04:28]  [%emt 00:00:40]} 24... Qxc6 {[%clk 00:50:23]  [%emt 00:01:17]} 25.
Bxc6 {[%clk 01:04:52]  [%emt 00:00:06]} 25... Rxd1+ {[%clk 00:50:26]  [%emt
00:00:27]} 26. Nxd1 {[%clk 01:05:15]  [%emt 00:00:08]} 26... Ke7 {[%clk
00:50:40]  [%emt 00:00:16]} 27. Be3 {[%clk 01:05:25]  [%emt 00:00:20]} 27...
Ba5 {[%clk 00:50:17]  [%emt 00:00:53]} 28. Nc3 {[%clk 01:05:31]  [%emt
00:00:24]} 28... Kd8 {[%clk 00:49:40]  [%emt 00:01:07]} 29. Nd5 {[%clk
01:05:23]  [%emt 00:00:38]} 29... g5 {[%clk 00:49:07]  [%emt 00:01:01]} 30. b4
{[%clk 01:05:42]  [%emt 00:00:13]} 30... Bb6 {[%clk 00:49:19]  [%emt 00:00:18]}
31. Nxb6 {[%clk 01:06:05]  [%emt 00:00:07]} 31... cxb6 {[%clk 00:49:29]  [%emt
00:00:19]} 32. Bxb6+ {[%clk 01:06:31]  [%emt 00:00:05]} 32... Ke7 {[%clk
00:49:45]  [%emt 00:00:14]} 33. Nd4 {[%clk 01:05:49]  [%emt 00:01:11]} 33...
Ng7 {[%clk 00:49:52]  [%emt 00:00:24]} 34. Be4 {[%clk 01:05:49]  [%emt
00:00:30]} 34... Ne6 {[%clk 00:49:57]  [%emt 00:00:25]} 35. Nxe6 {[%clk
01:06:10]  [%emt 00:00:08]} 35... Kxe6 {[%clk 00:50:22]  [%emt 00:00:05]} 36.
Bc7 {[%clk 01:06:17]  [%emt 00:00:24]} 36... f6 {[%clk 00:50:30]  [%emt
00:00:18]} 37. exf6 {[%clk 01:06:37]  [%emt 00:00:14]} 37... Kxf6 {[%clk
00:48:54]  [%emt 00:02:06]} 38. b5 {[%clk 01:06:55]  [%emt 00:00:12]} 1-0

[Event "DEM U12 2023"]
[Site "Willingen GER"]
[Date "2023.05.28"]
[Round "1"]
[White "Spielvogel, Oliver"]
[Black "Deiringer, Julius"]
[Result "0-1"]
[Termination "normal"]
[Board "25"]
[WhiteElo "1304"]
[BlackElo "1742"]
[WhiteClock "00:23:49"]
[BlackClock "00:12:25"]
[PlyCount "84"]
[WhiteFideId "16296494"]
[BlackFideId "16267010"]
[EventCountry "GER"]
[EventRounds "9"]
[EventType "swiss"]
[EventDate "2023.05.27"]

1. d4 {[%clk 01:30:58]  [%emt 00:00:01]} 1... Nf6 {[%clk 01:30:54]  [%emt
00:00:06]} 2. Bf4 {[%clk 01:31:17]  [%emt 00:00:11]} 2... e6 {[%clk 01:31:19] 
[%emt 00:00:05]} 3. Nf3 {[%clk 01:31:39]  [%emt 00:00:08]} 3... d5 {[%clk
01:31:45]  [%emt 00:00:05]} 4. e3 {[%clk 01:31:56]  [%emt 00:00:12]} 4... c5
{[%clk 01:31:45]  [%emt 00:00:31]} 5. c3 {[%clk 01:32:07]  [%emt 00:00:18]}
5... Nc6 {[%clk 01:31:42]  [%emt 00:00:34]} 6. Bd3 {[%clk 01:32:21]  [%emt
00:00:16]} 6... Bd6 {[%clk 01:31:25]  [%emt 00:00:47]} 7. Ne5 {[%clk 01:32:22] 
[%emt 00:00:29]} 7... c4 {[%clk 01:29:07]  [%emt 00:02:48]} 8. Nxc6 {[%clk
01:23:41]  [%emt 00:09:10]} 8... bxc6 {[%clk 01:28:21]  [%emt 00:01:16]} 9.
Bxd6 {[%clk 01:21:34]  [%emt 00:02:37]} 9... Qxd6 {[%clk 01:27:22]  [%emt
00:01:29]} 10. Bc2 {[%clk 01:21:43]  [%emt 00:00:21]} 10... Rb8 {[%clk
01:24:31]  [%emt 00:03:22]} 11. Qc1 {[%clk 01:21:55]  [%emt 00:00:17]} 11... e5
{[%clk 01:20:56]  [%emt 00:04:06]} 12. dxe5 {[%clk 01:21:41]  [%emt 00:00:43]}
12... Qxe5 {[%clk 01:21:09]  [%emt 00:00:16]} 13. Nd2 {[%clk 01:21:20]  [%emt
00:00:52]} 13... Bg4 {[%clk 01:18:32]  [%emt 00:03:08]} 14. O-O {[%clk
01:19:55]  [%emt 00:01:55]} 14... O-O {[%clk 01:12:03]  [%emt 00:06:59]} 15.
Re1 {[%clk 01:05:20]  [%emt 00:15:03]} 15... Qc7 {[%clk 00:56:18]  [%emt
00:16:17]} 16. e4 {[%clk 00:55:58]  [%emt 00:09:52]} 16... Rfe8 {[%clk
00:51:12]  [%emt 00:05:36]} 17. Ba4 {[%clk 00:52:17]  [%emt 00:04:12]} 17...
Nxe4 {[%clk 00:47:15]  [%emt 00:04:26]} 18. Nxe4 {[%clk 00:48:36]  [%emt
00:04:10]} 18... dxe4 {[%clk 00:46:04]  [%emt 00:01:41]} 19. Rb1 {[%clk
00:48:28]  [%emt 00:00:38]} 19... Bf5 {[%clk 00:44:45]  [%emt 00:01:49]} 20.
Qg5 {[%clk 00:48:31]  [%emt 00:00:25]} 20... Bg6 {[%clk 00:44:20]  [%emt
00:00:57]} 21. Re3 {[%clk 00:47:07]  [%emt 00:01:53]} 21... Re5 {[%emt
00:07:19]} 22. Qh4 {[%clk 00:42:58]  [%emt 00:00:19]} 22... h6 {[%clk 00:38:41]
 [%emt 00:03:41]} 23. Bc2 {[%clk 00:42:32]  [%emt 00:00:55]} 23... Qa5 {[%clk
00:35:40]  [%emt 00:03:32]} 24. a3 {[%clk 00:39:31]  [%emt 00:03:32]} 24...
Reb5 {[%clk 00:31:51]  [%emt 00:04:17]} 25. Bxe4 {[%clk 00:36:13]  [%emt
00:03:48]} 25... Bxe4 {[%clk 00:28:10]  [%emt 00:04:12]} 26. Qxe4 {[%clk
00:35:58]  [%emt 00:00:44]} 26... Rxb2 {[%clk 00:27:46]  [%emt 00:00:55]} 27.
Rbe1 {[%clk 00:35:48]  [%emt 00:00:38]} 27... Qd5 {[%clk 00:26:36]  [%emt
00:01:41]} 28. Qe7 {[%clk 00:32:40]  [%emt 00:03:37]} 28... R2b7 {[%clk
00:25:48]  [%emt 00:01:19]} 29. Qh4 {[%clk 00:31:35]  [%emt 00:01:35]} 29...
Rb1 {[%clk 00:24:49]  [%emt 00:01:29]} 30. h3 {[%clk 00:30:53]  [%emt
00:01:11]} 30... Rxe1+ {[%clk 00:22:25]  [%emt 00:02:55]} 31. Rxe1 {[%clk
00:31:12]  [%emt 00:00:11]} 31... Qd2 {[%clk 00:21:48]  [%emt 00:01:07]} 32.
Re3 {[%clk 00:30:51]  [%emt 00:00:50]} 32... Rb1+ {[%clk 00:20:17]  [%emt
00:02:02]} 33. Kh2 {[%clk 00:31:08]  [%emt 00:00:12]} 33... Qd6+ {[%clk
00:20:02]  [%emt 00:00:46]} 34. g3 {[%clk 00:30:15]  [%emt 00:01:23]} 34... Qd1
{[%clk 00:17:57]  [%emt 00:02:35]} 35. Re8+ {[%clk 00:26:15]  [%emt 00:04:30]}
35... Kh7 {[%clk 00:18:20]  [%emt 00:00:07]} 36. Qe4+ {[%clk 00:26:39]  [%emt
00:00:06]} 36... g6 {[%clk 00:18:38]  [%emt 00:00:11]} 37. Qg2 {[%clk 00:26:25]
 [%emt 00:00:44]} 37... Rb2 {[%clk 00:16:41]  [%emt 00:02:28]} 38. Re7 {[%clk
00:26:02]  [%emt 00:00:53]} 38... Kg7 {[%clk 00:15:48]  [%emt 00:01:24]} 39.
Rxa7 {[%clk 00:26:02]  [%emt 00:00:31]} 39... Qd3 {[%clk 00:15:12]  [%emt
00:01:06]} 40. Rc7 {[%clk 00:24:12]  [%emt 00:02:15]} 40... Qf5 {[%clk
00:14:38]  [%emt 00:01:08]} 41. Kg1 {[%clk 00:23:34]  [%emt 00:01:07]} 41...
Qb1+ {[%clk 00:13:26]  [%emt 00:01:43]} 42. Kh2 {[%clk 00:23:49]  [%emt
00:00:14]} 42... Qe1 {[%clk 00:12:25]  [%emt 00:01:31]} 0-1

[Event "DEM U12 2023"]
[Site "Willingen GER"]
[Date "2023.05.28"]
[Round "1"]
[White "Sepe, Giovanni Paolo"]
[Black "Lehmann, Anton"]
[Result "1/2-1/2"]
[Termination "normal"]
[Board "26"]
[WhiteElo "1550"]
[BlackElo "1285"]
[WhiteClock "00:15:55"]
[BlackClock "01:06:25"]
[PlyCount "88"]
[WhiteFideId "34631909"]
[BlackFideId "34660267"]
[EventCountry "GER"]
[EventRounds "9"]
[EventType "swiss"]
[EventDate "2023.05.27"]

1. d4 {[%clk 01:30:59]} 1... Nf6 {[%clk 01:30:54]  [%emt 00:00:06]} 2. Nf3
{[%clk 01:31:26]  [%emt 00:00:03]} 2... e6 {[%clk 01:31:18]  [%emt 00:00:06]}
3. e3 {[%clk 01:31:48]  [%emt 00:00:08]} 3... d5 {[%clk 01:31:42]  [%emt
00:00:05]} 4. Bd3 {[%clk 01:32:14]  [%emt 00:00:04]} 4... b6 {[%clk 01:31:55] 
[%emt 00:00:17]} 5. b3 {[%clk 01:32:40]  [%emt 00:00:04]} 5... Bb7 {[%clk
01:32:20]  [%emt 00:00:05]} 6. Bb2 {[%clk 01:33:07]  [%emt 00:00:04]} 6... Bd6
{[%clk 01:32:09]  [%emt 00:00:40]} 7. O-O {[%clk 01:33:28]  [%emt 00:00:09]}
7... Nbd7 {[%clk 01:32:31]  [%emt 00:00:08]} 8. Nbd2 {[%clk 01:33:51]  [%emt
00:00:08]} 8... Qe7 {[%clk 01:32:44]  [%emt 00:00:17]} 9. Ne5 {[%clk 01:34:15] 
[%emt 00:00:05]} 9... O-O-O {[%emt 00:00:39]} 10. a4 {[%emt 00:00:32]} 10... h5
{[%clk 01:31:08]  [%emt 00:00:55]} 11. a5 {[%clk 01:34:41]  [%emt 00:00:05]}
11... Ng4 {[%clk 01:27:39]  [%emt 00:03:59]} 12. Ndf3 {[%clk 01:33:58]  [%emt
00:01:14]} 12... f6 {[%clk 01:27:34]  [%emt 00:00:34]} 13. Ng6 {[%clk 01:34:21]
 [%emt 00:00:07]} 13... Qf7 {[%clk 01:27:34]  [%emt 00:00:31]} 14. Nxh8 {[%clk
01:34:45]  [%emt 00:00:05]} 14... Rxh8 {[%clk 01:27:56]  [%emt 00:00:07]} 15.
axb6 {[%clk 01:35:06]  [%emt 00:00:10]} 15... Nxb6 {[%clk 01:28:13]  [%emt
00:00:13]} 16. h3 {[%clk 01:35:03]  [%emt 00:00:33]} 16... Nh6 {[%emt
00:00:33]} 17. Rxa7 {[%clk 01:35:25]  [%emt 00:00:07]} 17... Kb8 {[%clk
01:28:00]  [%emt 00:00:41]} 18. Ra2 {[%clk 01:33:24]  [%emt 00:02:31]} 18... g5
{[%clk 01:28:02]  [%emt 00:00:28]} 19. Re1 {[%clk 01:30:00]  [%emt 00:03:54]}
19... g4 {[%clk 01:26:41]  [%emt 00:01:50]} 20. hxg4 {[%clk 01:22:18]  [%emt
00:08:12]} 20... hxg4 {[%clk 01:26:42]  [%emt 00:00:28]} 21. Nd2 {[%clk
01:22:34]  [%emt 00:00:15]} 21... g3 {[%clk 01:25:07]  [%emt 00:02:05]} 22. f4
{[%clk 01:22:38]  [%emt 00:00:26]} 22... f5 {[%clk 01:24:57]  [%emt 00:00:40]}
23. Kf1 {[%clk 01:18:41]  [%emt 00:04:27]} 23... Qh7 {[%clk 01:24:40]  [%emt
00:00:47]} 24. Nf3 {[%clk 01:18:16]  [%emt 00:00:55]} 24... Ng4 {[%clk
01:24:39]  [%emt 00:00:31]} 25. Ke2 {[%clk 01:18:39]  [%emt 00:00:08]} 25...
Nf2 {[%clk 01:22:42]  [%emt 00:02:27]} 26. Qb1 {[%clk 01:17:33]  [%emt
00:01:36]} 26... Qh5 {[%clk 01:22:39]  [%emt 00:00:32]} 27. Kd2 {[%clk
01:14:55]  [%emt 00:03:08]} 27... Ne4+ {[%clk 01:20:14]  [%emt 00:02:55]} 28.
Bxe4 {[%clk 01:12:55]  [%emt 00:02:30]} 28... dxe4 {[%clk 01:20:31]  [%emt
00:00:12]} 29. Ne5 {[%clk 01:07:12]  [%emt 00:06:13]} 29... Bxe5 {[%clk
01:19:45]  [%emt 00:01:16]} 30. fxe5 {[%clk 01:07:26]  [%emt 00:00:17]} 30...
Qg5 {[%clk 01:19:39]  [%emt 00:00:36]} 31. Re2 {[%clk 00:38:25]  [%emt
00:29:31]} 31... f4 {[%clk 01:19:09]  [%emt 00:01:00]} 32. Qf1 {[%clk 00:37:51]
 [%emt 00:01:05]} 32... Nd5 {[%clk 01:19:22]  [%emt 00:00:16]} 33. exf4 {[%clk
00:28:17]  [%emt 00:10:04]} 33... Nxf4 {[%clk 01:19:15]  [%emt 00:00:37]} 34.
Re3 {[%clk 00:28:07]  [%emt 00:00:40]} 34... Nd5 {[%clk 01:19:31]  [%emt
00:00:13]} 35. Qe1 {[%clk 00:28:01]  [%emt 00:00:36]} 35... Rh2 {[%clk
01:16:01]  [%emt 00:04:00]} 36. Bc1 {[%clk 00:23:02]  [%emt 00:05:30]} 36...
Rxg2+ {[%clk 01:15:10]  [%emt 00:01:20]} 37. Kd1 {[%clk 00:23:13]  [%emt
00:00:19]} 37... Nxe3+ {[%clk 01:15:30]  [%emt 00:00:10]} 38. Bxe3 {[%clk
00:22:58]  [%emt 00:00:45]} 38... Qg4+ {[%clk 01:15:42]  [%emt 00:00:18]} 39.
Kc1 {[%clk 00:23:12]  [%emt 00:00:16]} 39... Re2 {[%clk 01:15:40]  [%emt
00:00:31]} 40. Qh1 {[%clk 00:22:49]  [%emt 00:00:54]} 40... Rh2 {[%clk
01:14:44]  [%emt 00:01:26]} 41. Qe1 {[%clk 00:22:25]  [%emt 00:00:54]} 41... g2
{[%emt 00:05:29]} 42. Qf2 {[%clk 00:15:46]  [%emt 00:04:02]} 42... Rh1+ {[%clk
01:13:06]  [%emt 00:00:16]} 43. Kb2 {[%clk 00:16:09]  [%emt 00:00:07]} 43...
Qf3 {[%clk 01:12:55]  [%emt 00:00:41]} 44. Ra1 {[%clk 00:15:55]  [%emt
00:00:45]} 44... Rf1 {[%clk 01:06:25]  [%emt 00:06:59]} 1/2-1/2

[Event "DEM U12 2023"]
[Site "Willingen GER"]
[Date "2023.05.28"]
[Round "1"]
[White "Allen, Phillipp"]
[Black "Madel, Luca"]
[Result "1-0"]
[Termination "normal"]
[Board "28"]
[WhiteElo "1539"]
[BlackElo "1151"]
[WhiteClock "00:19:30"]
[BlackClock "00:44:43"]
[PlyCount "97"]
[WhiteFideId "16272846"]
[BlackFideId "16296516"]
[EventCountry "GER"]
[EventRounds "9"]
[EventType "swiss"]
[EventDate "2023.05.27"]

1. e4 {[%clk 01:30:56]  [%emt 00:00:04]} 1... d5 {[%clk 01:30:52]  [%emt
00:00:09]} 2. exd5 {[%clk 01:31:14]  [%emt 00:00:11]} 2... Qxd5 {[%clk
01:31:13]  [%emt 00:00:08]} 3. Nc3 {[%clk 01:31:16]  [%emt 00:00:28]} 3... Qa5
{[%clk 01:31:23]  [%emt 00:00:20]} 4. d4 {[%clk 01:31:23]  [%emt 00:00:23]}
4... c6 {[%clk 01:31:31]  [%emt 00:00:23]} 5. Bc4 {[%clk 01:31:11]  [%emt
00:00:41]} 5... Nf6 {[%clk 01:31:07]  [%emt 00:00:54]} 6. Bd2 {[%clk 01:31:01] 
[%emt 00:00:40]} 6... Qc7 {[%clk 01:31:13]  [%emt 00:00:25]} 7. h3 {[%clk
01:30:17]  [%emt 00:01:13]} 7... Bf5 {[%clk 01:30:46]  [%emt 00:00:58]} 8. Nf3
{[%clk 01:30:12]  [%emt 00:00:35]} 8... e6 {[%clk 01:30:11]  [%emt 00:01:05]}
9. Bg5 {[%clk 01:26:48]  [%emt 00:03:53]} 9... Be7 {[%clk 01:30:05]  [%emt
00:00:36]} 10. Qd2 {[%clk 01:24:32]  [%emt 00:02:44]} 10... Nbd7 {[%clk
01:28:02]  [%emt 00:02:36]} 11. O-O-O {[%clk 01:23:42]  [%emt 00:01:20]} 11...
O-O-O {[%clk 01:26:05]  [%emt 00:02:27]} 12. Bf4 {[%clk 01:20:00]  [%emt
00:04:12]} 12... Bd6 {[%clk 01:25:59]  [%emt 00:00:37]} 13. Bxd6 {[%clk
01:19:52]  [%emt 00:00:38]} 13... Qxd6 {[%clk 01:25:54]  [%emt 00:00:35]} 14.
Rhe1 {[%clk 01:18:43]  [%emt 00:01:39]} 14... Nb6 {[%clk 01:24:49]  [%emt
00:01:35]} 15. Bf1 {[%clk 01:17:08]  [%emt 00:02:04]} 15... Nbd5 {[%clk
01:19:11]  [%emt 00:06:09]} 16. Ne5 {[%clk 01:07:55]  [%emt 00:09:43]} 16...
Qe7 {[%clk 01:16:45]  [%emt 00:02:56]} 17. g4 {[%clk 01:03:01]  [%emt
00:05:25]} 17... Bg6 {[%clk 01:14:41]  [%emt 00:02:31]} 18. Bg2 {[%clk
00:58:25]  [%emt 00:05:08]} 18... Qc7 {[%clk 01:10:02]  [%emt 00:05:08]} 19.
Bxd5 {[%clk 00:47:24]  [%emt 00:11:32]} 19... Nxd5 {[%clk 01:09:06]  [%emt
00:01:25]} 20. Nxd5 {[%clk 00:47:14]  [%emt 00:00:41]} 20... Rxd5 {[%clk
01:08:17]  [%emt 00:01:19]} 21. c4 {[%clk 00:43:56]  [%emt 00:03:48]} 21... Rd6
{[%clk 01:06:51]  [%emt 00:01:56]} 22. h4 {[%clk 00:38:05]  [%emt 00:06:21]}
22... c5 {[%clk 00:50:22]  [%emt 00:16:59]} 23. Qc3 {[%clk 00:31:13]  [%emt
00:07:21]} 23... f6 {[%clk 00:47:13]  [%emt 00:03:40]} 24. Nf3 {[%clk 00:23:14]
 [%emt 00:08:28]} 24... Rhd8 {[%clk 00:44:37]  [%emt 00:03:08]} 25. h5 {[%clk
00:21:28]  [%emt 00:02:15]} 25... Bf7 {[%clk 00:44:13]  [%emt 00:00:54]} 26.
Kb1 {[%clk 00:17:16]  [%emt 00:04:43]} 26... Kb8 {[%clk 00:41:39]  [%emt
00:03:03]} 27. Rd2 {[%clk 00:15:52]  [%emt 00:01:55]} 27... cxd4 {[%clk
00:41:38]  [%emt 00:00:31]} 28. Nxd4 {[%clk 00:15:20]  [%emt 00:01:02]} 28...
e5 {[%clk 00:41:37]  [%emt 00:00:32]} 29. Nb5 {[%clk 00:14:43]  [%emt
00:01:05]} 29... Rxd2 {[%clk 00:38:20]  [%emt 00:03:47]} 30. Nxc7 {[%clk
00:15:02]  [%emt 00:00:12]} 30... Kxc7 {[%clk 00:38:42]  [%emt 00:00:08]} 31.
f4 {[%clk 00:12:13]  [%emt 00:03:19]} 31... g6 {[%clk 00:38:11]  [%emt
00:01:00]} 32. fxe5 {[%clk 00:11:34]  [%emt 00:01:08]} 32... gxh5 {[%clk
00:38:24]  [%emt 00:00:17]} 33. Kc1 {[%clk 00:11:41]  [%emt 00:00:23]} 33...
R2d3 {[%clk 00:35:57]  [%emt 00:02:57]} 34. Qa5+ {[%clk 00:10:46]  [%emt
00:01:25]} 34... Kb8 {[%clk 00:36:14]  [%emt 00:00:13]} 35. exf6 {[%clk
00:10:32]  [%emt 00:00:45]} 35... Bxc4 {[%clk 00:36:30]  [%emt 00:00:13]} 36.
Re7 {[%clk 00:05:38]  [%emt 00:05:25]} 36... Ba6 {[%clk 00:34:08]  [%emt
00:02:51]} 37. Qc7+ {[%clk 00:04:19]  [%emt 00:01:49]} 37... Ka8 {[%clk
00:34:07]  [%emt 00:00:32]} 38. Qc2 {[%clk 00:04:00]  [%emt 00:00:48]} 38...
hxg4 {[%clk 00:31:50]  [%emt 00:02:47]} 39. f7 {[%clk 00:03:05]  [%emt
00:01:25]} 39... Rf3 {[%clk 00:31:35]  [%emt 00:00:44]} 40. Qc7 {[%clk
00:00:52]  [%emt 00:02:44]} 40... Rf1+ {[%clk 00:31:19]  [%emt 00:00:45]} 41.
Kc2 {[%clk 00:29:35]  [%emt 00:01:46]} 41... Rf2+ {[%clk 01:00:31]  [%emt
00:01:19]} 42. Kb3 {[%clk 00:28:57]  [%emt 00:01:08]} 42... Rf3+ {[%clk
00:59:15]  [%emt 00:01:45]} 43. Kb4 {[%clk 00:24:46]  [%emt 00:04:40]} 43...
Rd4+ {[%clk 00:58:26]  [%emt 00:01:21]} 44. Kc5 {[%clk 00:20:20]  [%emt
00:04:57]} 44... Rc4+ {[%clk 00:53:31]  [%emt 00:05:26]} 45. Kd6 {[%clk
00:20:35]  [%emt 00:00:14]} 45... Rd3+ {[%clk 00:52:57]  [%emt 00:01:03]} 46.
Ke6 {[%clk 00:19:12]  [%emt 00:01:53]} 46... Re3+ {[%clk 00:52:01]  [%emt
00:01:26]} 47. Kf6 {[%clk 00:19:04]  [%emt 00:00:37]} 47... Rf3+ {[%clk
00:48:21]  [%emt 00:04:11]} 48. Kg7 {[%clk 00:19:05]  [%emt 00:00:27]} 48...
Rxc7 {[%clk 00:44:43]  [%emt 00:04:11]} 49. Re8+ {[%clk 00:19:30]  [%emt
00:00:05]} 1-0